[Event "Dortmund Sparkassen op-B"]
[Site "Dortmund"]
[Date "2010.07.25"]
[Round "9"]
[White "Budszuhn, Mirko"]
[Black "Ropers, Klaus"]
[Result "1/2-1/2"]
[WhiteElo "1404"]
[BlackElo "1865"]
[PlyCount "91"]
[EventDate "2010.07.17"]
[EventType "swiss"]
[EventRounds "9"]
[EventCountry "GER"]
[SourceTitle "EXT 2014"]
[Source "ChessBase"]
[SourceDate "2013.11.20"]
[SourceVersion "1"]
[SourceVersionDate "2013.11.20"]
[SourceQuality "1"]

1. e4 c5 2. Nf3 Nc6 3. d4 cxd4 4. Nxd4 g6 5. Be2 Bg7 6. Be3 Nf6 7. Nc3 0-0 8. 0-0 d5 9. exd5 Nxd5 10. Nxd5 Qxd5 11. Bf3 Qd7 12. Nxc6 bxc6 13. Qxd7 Bxd7 14. Rad1 Be8 15. Bc5 Bf6 16. Rfe1 Rb8 17. Bxe7 Bxe7 18. Rxe7 Rxb2 19. h3 c5 20. Rxa7 Rxc2 21. a4 c4 22. Be4 Ra2 23. Rc1 Bxa4 24. Rxc4 Bb3 25. Rxa2 Bxc4 26. Rc2 Be6 27. Rc5 Kg7 28. Bd5 h5 29. Bxe6 fxe6 30. h4 Kf6 31. f4 Rd8 32. Kf2 Rd5 33. Rc3 Kf5 34. Kf3 Ra5 35. Re3 Kf6 36. Rc3 Ra1 37. g3 Rd1 38. Re3 Rd5 39. Rc3 Kf5 40. Re3 Ra5 41. Rc3 e5 42. fxe5 Rxe5 43. Rd3 g5 44. hxg5 Kxg5 45. Rc3 Rf5+ 46. Kg2 1/2-1/2